The human experience of space and place
Збережено в:
| Автори: | , |
|---|---|
| Формат: | Книга |
| Мова: | Англійська |
| Опубліковано: |
Nueva York
Routledge
1980
|
| Редагування: | 1a. ed |
| Серія: | Routledge Revivals
|
| Предмети: | |
| Теги: |
Додати тег
Немає тегів, Будьте першим, хто поставить тег для цього запису!
|
MARC
| LEADER | 00000cam a2200000 a 4500 | ||
|---|---|---|---|
| 001 | UCD7649 | ||
| 003 | CL-VaPUC | ||
| 008 | 170331e19800000us |||||||||||||||||eng|d | ||
| 020 | |a 9781138924628 | ||
| 020 | |a 9781138924710 | ||
| 082 | 0 | 4 | |a 910.01 |b BUT |2 21 |
| 100 | 0 | |a Buttimer, Anne |e author |9 591656 | |
| 700 | 0 | |a Seamon, David |e author |9 591657 | |
| 245 | 1 | 4 | |a The human experience of space and place |
| 250 | |a 1a. ed | ||
| 300 | |a 199 p | ||
| 942 | |c BK | ||
| 945 | |d 20170331 00:58:00 |a arojas | ||
| 260 | |a Nueva York |b Routledge |c 1980 | ||
| 650 | 0 | |a Geografía humana |9 267193 | |
| 650 | 0 | |a Espacio |9 336785 | |
| 650 | 0 | |a Territorio |9 378883 | |
| 583 | |a last modification |c 20170331 00:58:00 |k Rodrigo Vera | ||
| 490 | 0 | |a Routledge Revivals | |
| 999 | |c 367623 |d 367621 | ||
| 952 | |0 0 |1 0 |3 erb |4 0 |6 910_010000000000000_BUT_1980 |7 0 |8 A |9 482616 |a BIBING |b BIBING |i 537006K |o 910.01 BUT 1980 |p 537006K |r 2025-01-20 |w 2019-11-24 |y BK |z Catalogado en:20170331 |k GEO | ||